<?xml version="1.0" encoding="UTF-8"?>
<record
    xmlns:xsi="http://www.w3.org/2001/XMLSchema-instance"
    xsi:schemaLocation="http://www.loc.gov/MARC21/slim http://www.loc.gov/standards/marcxml/schema/MARC21slim.xsd"
    xmlns="http://www.loc.gov/MARC21/slim">

  <leader>00756nam a22002177a 4500</leader>
  <controlfield tag="007">00</controlfield>
  <controlfield tag="008">160620b        xxu||||| |||| 00| 0 eng d</controlfield>
  <datafield tag="020" ind1=" " ind2=" ">
    <subfield code="a">978-2-7462-1875-8</subfield>
  </datafield>
  <datafield tag="040" ind1=" " ind2=" ">
    <subfield code="a">BUAC</subfield>
    <subfield code="c">BUC</subfield>
  </datafield>
  <datafield tag="041" ind1=" " ind2=" ">
    <subfield code="a">Fre.</subfield>
  </datafield>
  <datafield tag="100" ind1=" " ind2=" ">
    <subfield code="a">Luzeaux, Dominique </subfield>
  </datafield>
  <datafield tag="245" ind1=" " ind2=" ">
    <subfield code="a">Syst&#xE8;mes de syst&#xE8;mes : </subfield>
    <subfield code="b">concepts et illustrations pratiques </subfield>
    <subfield code="c">/ ss. la dir. de Dominique Luzeaux, Jean - R&#xE9;n&#xE9; Ruault </subfield>
  </datafield>
  <datafield tag="260" ind1=" " ind2=" ">
    <subfield code="a">Paris : </subfield>
    <subfield code="b">Lavoisier, </subfield>
    <subfield code="c">2008</subfield>
  </datafield>
  <datafield tag="300" ind1=" " ind2=" ">
    <subfield code="a">376 - XIIp. </subfield>
    <subfield code="c">24 cm. </subfield>
  </datafield>
  <datafield tag="440" ind1=" " ind2=" ">
    <subfield code="a">(Informatique et syst&#xE8;mes d'information) </subfield>
  </datafield>
  <datafield tag="500" ind1=" " ind2=" ">
    <subfield code="a">Compr. bibliogr. &#xE0; la fin de chaque de chapitre du vol. </subfield>
  </datafield>
  <datafield tag="630" ind1=" " ind2=" ">
    <subfield code="a">Sciences Appliqu&#xE9;es - Techniques </subfield>
  </datafield>
  <datafield tag="650" ind1=" " ind2=" ">
    <subfield code="a">T&#xE9;l&#xE9;communications : syst&#xE8;mes</subfield>
  </datafield>
  <datafield tag="700" ind1=" " ind2=" ">
    <subfield code="a">Ruault, Jean - R&#xE9;n&#xE9;</subfield>
  </datafield>
  <datafield tag="942" ind1=" " ind2=" ">
    <subfield code="c">LIVR</subfield>
  </datafield>
  <datafield tag="999" ind1=" " ind2=" ">
    <subfield code="c">54633</subfield>
    <subfield code="d">54633</subfield>
  </datafield>
  <datafield tag="952" ind1=" " ind2=" ">
    <subfield code="0">0</subfield>
    <subfield code="1">0</subfield>
    <subfield code="4">0</subfield>
    <subfield code="7">0</subfield>
    <subfield code="a">BUAC</subfield>
    <subfield code="b">BUAC</subfield>
    <subfield code="d">2015-06-11</subfield>
    <subfield code="e">Don ARES</subfield>
    <subfield code="f">16/401</subfield>
    <subfield code="l">0</subfield>
    <subfield code="o">621.39 LUZ</subfield>
    <subfield code="p">16-401BUC</subfield>
    <subfield code="r">2016-06-20 00:00:00</subfield>
    <subfield code="t">01</subfield>
    <subfield code="w">2016-06-20</subfield>
    <subfield code="y">LBA</subfield>
  </datafield>
  <datafield tag="952" ind1=" " ind2=" ">
    <subfield code="0">0</subfield>
    <subfield code="1">0</subfield>
    <subfield code="4">0</subfield>
    <subfield code="7">0</subfield>
    <subfield code="a">BUAC</subfield>
    <subfield code="b">BUAC</subfield>
    <subfield code="d">2017-07-17</subfield>
    <subfield code="e">Don  ARES</subfield>
    <subfield code="f">17/280</subfield>
    <subfield code="l">0</subfield>
    <subfield code="o">621.39 LUZ</subfield>
    <subfield code="p">17-280Buc</subfield>
    <subfield code="r">2017-07-17 00:00:00</subfield>
    <subfield code="t">02</subfield>
    <subfield code="w">2017-07-17</subfield>
    <subfield code="y">LBA</subfield>
  </datafield>
</record>
